00586nam a2200193 450000100060000000300080000600500170001400800410003103500190007204000260009104100080011708200220012510000260014724501030017326000380027630000220031450400200033665000360035631549BD-RjUL20211209051721.0140420s1973 bg |||| |||| 001 0 eng d a(BD-RjUL)31637 aBD-RjULbengcBD-RjUL aeng04a954.084bISB 19731 aIslam, Mustafa Nurul.1 aBengali Muslim public opinion as reflected in the Bangali press, 1901-1930 /cMustafa Nurul Islam. aDacca : bBangla Academy, c1973. a341 p. ; c22 cm. aIncludes index. 0aIslamic press cBengal. zIndia